Towards teaching : An exploration of teaching skill
محفوظ في:
| المؤلف الرئيسي: | |
|---|---|
| التنسيق: | كتاب |
| اللغة: | Undetermined |
| منشور في: |
Oxford
Heinemann
1995
|
| الموضوعات: | |
| الوسوم: |
إضافة وسم
لا توجد وسوم, كن أول من يضع وسما على هذه التسجيلة!
|
| Thư viện lưu trữ: | Trung tâm Học liệu Trường Đại học Cần Thơ |
|---|
| LEADER | 00578nam a2200217Ia 4500 | ||
|---|---|---|---|
| 001 | CTU_100355 | ||
| 008 | 210402s9999 xx 000 0 und d | ||
| 020 | |c 165000 | ||
| 082 | |a 420.7 | ||
| 082 | |b C187 | ||
| 100 | |a Campbell, Collin | ||
| 245 | 0 | |a Towards teaching : | |
| 245 | 3 | |b An exploration of teaching skill | |
| 245 | 0 | |c Collin Campbell, Hanna Kryszewska | |
| 260 | |a Oxford | ||
| 260 | |b Heinemann | ||
| 260 | |c 1995 | ||
| 650 | |a English language | ||
| 650 | |x Study and teaching | ||
| 904 | |i Giang | ||
| 980 | |a Trung tâm Học liệu Trường Đại học Cần Thơ | ||